LEADER 00855nab a2200145 i 4500 001 000000265151 003 CaOOAMICUS 005 20061012000000.0 008 061012n xx uu u0 0und r 013 $a8137 040 $aSeMil$bita 245 10$aLeonardo Mondadori cattolico nei media ; Logica minor :$b[parte] 9., Giudizio, le proprietà delle proposizioni ; Lettura della foto ; Lettura del racconto letterario ; I film ... ; Ricordo di Raf Vallone. - 23 p. - Titoli dalla copertina. 500 $aGennaio 2003. 773 0 $t[2003-2005.$dRoma : CiSCS, copyr. 2003-2005.$w()137936 996 $6245$aLeonardo Mondadori cattolico nei media ; Logica minor :$b[parte] 9., Giudizio, le proprietà delle proposizioni ; Lettura della foto ; Lettura del racconto letterario ; I film ... ; Ricordo di Raf Vallone. - 23 p. - Titoli dalla copertina.$9(OLS)http://semarc/title/357316 LEADER 00670nas a2200181 i 4500 001 000000023574 003 CaOOAMICUS 005 20180830125446.0 008 180830n fr u0 und u 022 $a0768-0902 040 $aSeMil$bita 245 10$aConnaissance de l'inconscient /$cdirigée par Jean-Bertrand Pontalis. 260 $aParis :$bGallimard,$c[196.] 300 $av. ;$c23 cm. 700 1 $aPontalis, Jean-Bertrand <1924->.$0(OLS)http://semarc/name/10498 996 $6022$a0768-0902$9(OLS)http://semarc/number/1247 996 $6245$aConnaissance de l'inconscient$9(OLS)http://semarc/title/31614 996 $6260$aParis :$bGallimard$9(OLS)http://semarc/publisher/29952